Wills & Estates

Detalles Bibliográficos
Formato: Desconocido
Lenguaje:inglés
Publicado: Estados Unidos : Lawcheck & Lawsonline, 2008
Materias:
Acceso en línea:Acceso restringido

MARC

LEADER 00000ny a22000003n 4500
005 20110620105837.0
008 081007s2008 us s 000 0 eng d
035 |a 2135 
040 |a UMA.RE  |d vLex 
080 |a 340.113(73) 
080 |a 347.74(73)(0.034) 
090 |c 864  |d 864 
245 0 0 |a Wills & Estates  |h [Recurso electrn̤ico] 
256 |a Servicio en ln̕ea 
260 |a Estados Unidos :  |b Lawcheck & Lawsonline,  |c 2008 
506 1 |a Contenido solo disponible en los productos indicados  |d vLex Global  |d vLex Global (Academic Edition, excluding Law Schools)  |d vLex Global (U.S. Academic Edition, Law Schools)  |d vLex Global (U.S. Academic Edition, excluding Law Schools)  |d vLex Global (Academic Edition, Law Schools) 
650 0 4 |a Contratos  |z Estados Unidos 
650 0 4 |a Derecho  |x Třminos 
740 0 |a vLex Libros (Servicios en ln̕ea) 
856 4 0 |z Acceso restringido  |u http://vlex.com/source/2135 
942 |c BOOK 
999 0 4 |a Law  |b Estados Unidos 
999 0 4 |a Derecho  |z Estados Unidos  |v En ln̕ea. 
999 0 4 |a Libros electrn̤icos.